000 00853nam a2200265 i 4500
003 EG-ScBUE
005 20250612134425.0
008 150701s2013 ii a f b 001 0 eng d
020 _a9789382220466
040 _aEG-ScBUE
_beng
_erda
_cEG-ScBUE
_dEG-ScBUE
082 0 4 _a535.84
_bCAR
_222
100 1 _aCarlton, Rob,
_eauthor.
_932486
245 1 0 _aRecent advances in applied Spectroscopy /
_cRob Carlton.
264 1 _aNew Delhi :
_bRandom Exports,
_c2013.
300 _aviii, 328 pages ;
_billustrations ;
_c25 cm
336 _2rdacontent
_atext
_btxt
337 _2rdamedia
_aunmediated
_bn
338 _2rdacarrier
_avolume
_bnc
504 _aIncludes bibliographical references and index.
650 7 _aSpectrum analysis.
_2BUEsh
651 _2BUEsh
653 _bPPhrm
_cJune2015
_cFebruary2016
655 _vReading book
942 _2ddc
_cBB
999 _c20098
_d20070